LEADER 01278nam--2200397---450- 001 990000359600203316 035 $a0035960 035 $aUSA010035960 035 $a(ALEPH)000035960USA01 035 $a0035960 100 $a20010314d1977----km-y0itay0103----ba 101 $aeng 102 $aDE 105 $a||||||||001yy 200 1 $aStructural pattern recognition$fTheodosios Pavlidis 210 $aBerlin$cSpringer Verlag$d1977 215 $a302 p.$cill.$d23 cm 225 2 $aSpringer series in electronic physics 410 $12001$aSpringer series in electronic physics 461 1$1001-------$12001 676 $a001.5351 700 1$aPAVLIDIS,$bTheodosios$025528 801 0$aIT$bsalbc$gISBD 912 $a990000359600203316 951 $a001.535 1 PAV A$b0008320 CBS$c001.535 1$d00107804 951 $a001.535 1 PAV B$b0010030 CBS$c001.535 1$d00107805 951 $a001.535 1 PAV C$b0005568 CBS$c001.535 1$d00107806 959 $aBK 969 $aSCI 979 $aPATTY$b90$c20010314$lUSA01$h1831 979 $aALANDI$b90$c20010517$lUSA01$h1022 979 $aALANDI$b90$c20010517$lUSA01$h1031 979 $c20020403$lUSA01$h1644 979 $aPATRY$b90$c20040406$lUSA01$h1625 996 $aStructural pattern recognition$9876761 997 $aUNISA LEADER 00927nam0-22003251i-450 001 990001649850403321 005 20190529131320.0 035 $a000164985 035 $aFED01000164985 035 $a(Aleph)000164985FED01 035 $a000164985 100 $a20030910d1979----km-y0itay50------ba 101 0 $aita 200 1 $a<>nuova malattia del garofano in Campania$fA. Zoina, B. Aloj 210 $aPortici$c...$d1979 215 $ap. 101-108$d25 cm 300 $aEstr. da: Annali della Facolta di Scienze Agrarie, ser. 1,13,1979. 610 0 $aFitopatologia 610 0 $aDianthus 676 $a581.2 676 $a635.933 700 1$aZoina,$bAstolfo$071058 702 1$aAloj,$bBernardo 801 0$aIT$bUNINA$gRICA$2UNIMARC 901 $aLG 912 $a990001649850403321 952 $a60 OP. 117/19$fFAGBC 959 $aFAGBC 996 $aNuova malattia del garofano in Campania$9372581 997 $aUNINA